| 000 -ლიდერი |
| ფიქსირებული სიგრძის საკონტროლო ველი |
01092nam a22002297a 4500 |
| 003 - საკონტროლო ნომრის იდენტიფიკატორი |
| საკონტროლო ველი |
Ge_BSU |
| 005 - ბოლო ოპერაციის თარიღი და დრო |
| საკონტროლო ველი |
20230329101023.0 |
| 008 - ფიქსირებული სიგრძის მონაცემთა ელემენტები - ზოგადი ინფორმაცია |
| ფიქსირებული სიგრძის საკონტროლო ველი |
230329s2015 ge ||||| |||| 00| 0 geo d |
| 020 ## - წიგნის საერთაშორისო სტანდარტული ნომერი |
| International Standard Book Number |
9789751964311 |
| 041 ## - ენის კოდი |
| Language code of text/sound track or separate title |
geo |
| 080 ## - უნივერსალური ათობითი კლასიფიკაციის ინდექსი |
| Universal Decimal Classification number |
28-24 წ-71 |
| 245 ## - ცნობა სათაურის შესახებ |
| Title |
წმინდა ყურანის შინაარსობრივი თარგმანი / |
| Statement of responsibility, etc |
მთარგმნელი: რეზო მიქელაძე; რედაქტორი: დონარი ტუნაძე. |
| 250 ## - გამოცემის ცნობა |
| Edition statement |
პირველი გამოცემა |
| 264 ## - წარმოების, გამოცემის, დისტრიბუციის და სხვა ცნობები |
| გამოცემის, წარმოების, დისტრიბუციის... ადგილი |
ანკარა: |
| გამოცემის, წარმოების, დისტრიბუციის... სახელწოდება |
რელიგიურ საქმეთა სამმართველოს გამომცემლობა, |
| გამოცემის, წარმოების, დისტრიბუციის... თარიღი |
2015. |
| 300 ## - ფიზიკური აღწერა |
| Extent |
500 გვ.; |
| Other physical details |
21 სმ. |
| 653 ## - INDEX TERM--UNCONTROLLED |
| Uncontrolled term |
რელიგია. |
| 653 ## - INDEX TERM--UNCONTROLLED |
| Uncontrolled term |
ისლამი. |
| 653 ## - INDEX TERM--UNCONTROLLED |
| Uncontrolled term |
ყურანი. |
| 700 ## - ADDED ENTRY--PERSONAL NAME |
| Personal name |
მიქელაძე, რეზო |
| Relator term |
მთარგმნელი |
| 9 (RLIN) |
6962 |
| 700 ## - ADDED ENTRY--PERSONAL NAME |
| Personal name |
ტუნაძე, დონარი |
| Relator term |
რედაქტორი |
| 9 (RLIN) |
6963 |
| 942 ## - ADDED ENTRY ELEMENTS (KOHA) |
| Source of classification or shelving scheme |
|
| Koha item type |
წიგნი |